<?xml version="1.0" encoding="UTF-8"?><?xml-stylesheet type="text/xsl" href="static/style.xsl"?><OAI-PMH xmlns="http://www.openarchives.org/OAI/2.0/" xmlns:xsi="http://www.w3.org/2001/XMLSchema-instance" xsi:schemaLocation="http://www.openarchives.org/OAI/2.0/ http://www.openarchives.org/OAI/2.0/OAI-PMH.xsd"><responseDate>2026-04-17T20:25:31Z</responseDate><request verb="GetRecord" identifier="oai:www.recercat.cat:10459.1/467269" metadataPrefix="marc">https://recercat.cat/oai/request</request><GetRecord><record><header><identifier>oai:recercat.cat:10459.1/467269</identifier><datestamp>2025-09-15T18:55:50Z</datestamp><setSpec>com_2072_3622</setSpec><setSpec>col_2072_479130</setSpec></header><metadata><record xmlns="http://www.loc.gov/MARC21/slim" xmlns:dcterms="http://purl.org/dc/terms/" xmlns:xsi="http://www.w3.org/2001/XMLSchema-instance" xmlns:doc="http://www.lyncode.com/xoai" xsi:schemaLocation="http://www.loc.gov/MARC21/slim http://www.loc.gov/standards/marcxml/schema/MARC21slim.xsd">
   <leader>00925njm 22002777a 4500</leader>
   <datafield ind2=" " ind1=" " tag="042">
      <subfield code="a">dc</subfield>
   </datafield>
   <datafield ind2=" " ind1=" " tag="720">
      <subfield code="a">Lavega i Burgués, Pere</subfield>
      <subfield code="e">author</subfield>
   </datafield>
   <datafield ind2=" " ind1=" " tag="720">
      <subfield code="a">Luchoro Parrilla, Rafael</subfield>
      <subfield code="e">author</subfield>
   </datafield>
   <datafield ind2=" " ind1=" " tag="720">
      <subfield code="a">Pla Pla, Paula</subfield>
      <subfield code="e">author</subfield>
   </datafield>
   <datafield ind2=" " ind1=" " tag="720">
      <subfield code="a">Pic, Miguel</subfield>
      <subfield code="e">author</subfield>
   </datafield>
   <datafield ind2=" " ind1=" " tag="260">
      <subfield code="c">2024</subfield>
   </datafield>
   <datafield ind2=" " ind1=" " tag="520">
      <subfield code="a">This manuscript is based on two studies that investigate the process of social construction of time in the two versions of traditional sports game (TSG) known as Elbow Tag. The internal logic of this TSG has an original role-change system. Changing a rule in version 1 (V1) implies a major modification of the role system in V2. It is a mixed methods design employing an associative and interpretive strategy. It involved 140 participants in two eight-minute games V1 and V2. Different statistical techniques (cross-tabulations, classification trees, T-Patterns) were used to analyse data on motor behaviours (external observation), and content analysis of the strategic and emotional meaning of motor conducts (internal gaze). Multidimensional internal temporal units were used: changes of subroles, (cognitive) number of interactions (relational) and time required for different physical efforts (organic). The temporal plot is constructed by deciphering the exchanges between the Cat, Mouse and Pitcher roles. In V1 and V2 of the Elbow Tag game, each Role caused a singular and multidimensional subjective time. This fact can be observed through the strategic chains, their decisional and emotional interpretation. The findings favour an innovative physical education, in order to educate the students’ temporal motor conducts.</subfield>
   </datafield>
   <datafield ind2=" " ind1=" " tag="520">
      <subfield code="a">This study was financially supported by Institut Nacional d’Educacio´ Fı´sica de Catalunya (INEFC) in the form of an award received by PL-B and PP-P. No additional external funding was received for this study.</subfield>
   </datafield>
   <datafield tag="653" ind2=" " ind1=" ">
      <subfield code="a">Sports</subfield>
   </datafield>
   <datafield tag="653" ind2=" " ind1=" ">
      <subfield code="a">Emotions</subfield>
   </datafield>
   <datafield tag="653" ind2=" " ind1=" ">
      <subfield code="a">Games</subfield>
   </datafield>
   <datafield ind2="0" ind1="0" tag="245">
      <subfield code="a">The development of social sustainability through traditional sporting games. A temporal approach with the Elbow Tag</subfield>
   </datafield>
</record></metadata></record></GetRecord></OAI-PMH>